Normal view
MARC view
- Howard, Vincent
Entry Personal Name
001 - CONTROL NUMBER
- control field: 131478
003 - CONTROL NUMBER IDENTIFIER
- control field: OSt
005 - DATE AND TIME OF LATEST TRANSACTION
- control field: 20260326113312.0
008 - FIXED-LENGTH DATA ELEMENTS
- fixed length control field: 260326|| aca||aabn | a|a d
040 ## - CATALOGING SOURCE
- Original cataloging agency: OSt
- Transcribing agency: OSt
100 ## - HEADING--PERSONAL NAME
- Personal name: Howard, Vincent
670 ## - SOURCE DATA FOUND
- Source citation: Work cat.: (OSt)94020: Howard, Vincent, Forensic pathology /, c2025.









